Online Catalogue and eLibrary

Caste and race in India / (Record no. 5899)

MARC details
000 -LEADER
fixed length control field 00826cam a2200253 i 4500
001 - CONTROL NUMBER
control field 19162678
005 - DATE AND TIME OF LATEST TRANSACTION
control field 20240613062112.0
008 - FIXED-LENGTH DATA ELEMENTS--GENERAL INFORMATION
fixed length control field 160701s2016 cau b 001 0 eng
020 ## - INTERNATIONAL STANDARD BOOK NUMBER
ISBN 9789386042279
040 ## - CATALOGING SOURCE (பட்டியலாக்க மூலம்)
Original cataloging agency DLC
Language of cataloging eng
Transcribing agency DLC
Description conventions rda
Modifying agency DLC
082 00 - DDC Classification
Class No. 305.5/1220954
DDC Edition Number 23
100 1# - MAIN ENTRY--PERSONAL NAME
Personal name Ghurye, G. S.
245 10 - TITLE STATEMENT
Title Caste and race in India /
Statement of responsibility, etc. G.S. Ghurye.
250 ## - EDITION STATEMENT
Edition statement Fifth edition.
260 ## - PUBLICATION, DISTRIBUTION, ETC.
Place of publication, distribution, etc. New Delhi
Name of publisher, distributor, etc. SAGE Publication
Date of publication, distribution, etc. 2016
300 ## - PHYSICAL DESCRIPTION
Extent (e.g. Volumes, Pages etc.) 242, B-4, I-9 pages ;
490 0# - SERIES STATEMENT
Series statement Sage texts
500 ## - GENERAL NOTE
General note "First published in 1932 by Popular Prakashan Pvt. Ltd"--Title page verso.
500 ## - GENERAL NOTE
General note Second and third editions (1950, 1956) have title: Caste and class in India; 4th edition (1961) has title: Caste, class, and occupation.
650 #0 - SUBJECT ADDED ENTRY--TOPICAL TERM
Topical term or geographic name entry element Caste
650 #0 - SUBJECT ADDED ENTRY--TOPICAL TERM
Topical term or geographic name entry element Ethnology
650 #0 - SUBJECT ADDED ENTRY--TOPICAL TERM
Topical term or geographic name entry element Hindus
942 ## - Koha item type (Biblio)
Koha item type Books in Stacks (Lending)
Holdings
Lost status Damaged status Collection code Home library Current library Date acquired Full call number Accession Number Item type
    Lending WERC Library WERC Library 06/13/2024 305.5/1220954 7043 Books in Stacks (Lending)

© WERC Library